000 00733nam a2200205 a 4500
001 BRCA_1713
005 20190320203523.0
008 990111s1998 mx-a---###---#000-0dspa-#
020 _a9687824778
040 _aDLC
_cDLC
_dDLC
050 4 _aTR654
_b.C65 1998
245 1 0 _aCoincidencia y diversidad
_bfotógrafos en Veracruz
_cedición Carmen Díaz Rivera.
260 _aVeracruz, México
_bInstituto Veracruzano de Cultura : Gobierno del Estado de Veracruz
_c1998
300 _a228 p.
_bil. (algunas a color)
_c31 cm.
650 1 4 _aFotografía artística
_92547
650 1 4 _aFotografía
_zVeracruz (México)
_95357
650 1 4 _aFotógrafos
_zLlave, Veracruz (México)
_95358
700 1 _aDíaz Rivera, Carmen
_95359
942 _2lcc
_cB
999 _c1503
_d1503